The power of positive drinking
| Main Author: | |
|---|---|
| Other Authors: | |
| Format: | Book |
| Published: |
Poole :
Javelin Books ,
1987
|
| Subjects: |
MARC
| LEADER | 00000cam a2200000 7i4500 | ||
|---|---|---|---|
| 001 | 0000006029 | ||
| 002 | 000006516 | ||
| 005 | 20000330.0 | ||
| 020 | |a 0713719923 | ||
| 090 | 0 | 0 | |a 394.130207 |b CRY |
| 100 | 1 | |a Cryer, Lesley | |
| 245 | 1 | 4 | |a The power of positive drinking |c Lesley Cryer andPete Beard |
| 260 | |a Poole : |b Javelin Books , |c 1987 | ||
| 300 | |a 126p. ; |c 19cm. | ||
| 650 | 0 | 0 | |a Healthy eating |
| 700 | 1 | |a Beard, Pete | |
| 999 | |a 037857 |b BUKU |c PINJAMAN |e PERPUSTAKAAN KOMUNITI PETALING JAYA | ||